Giải trình tự gen 16S-rRNA của các loài cua xanh (scylla paramamosain) và xác định quan hệ di truyền 16s-rrna gene sequencing of mud crab species (scylla paramamosain) and determina tion of genetic rela tionship

Đã lưu trong:
Sonraí Bibleagrafaíochta
Príomhúdar: Trương, Thế Quang
Formáid: Leabhar
Teanga:Undetermined
Ábhair:
Rochtain Ar Líne:http://lrc.tdmu.edu.vn/opac/search/detail.asp?aID=2&ID=36780
Clibeanna: Cuir Clib Leis
Gan Chlibeanna, Bí ar an gcéad duine leis an taifead seo a chlibeáil!
Thư viện lưu trữ: Trung tâm Học liệu Trường Đại học Thủ Dầu Một
LEADER 00760nam a2200157Ia 4500
001 TDMU_36780
008 210410s9999 xx 000 0 und d
082 |a 796.334092 
100 |a Trương, Thế Quang 
245 0 |a Giải trình tự gen 16S-rRNA của các loài cua xanh (scylla paramamosain) và xác định quan hệ di truyền 
245 0 |b 16s-rrna gene sequencing of mud crab species (scylla paramamosain) and determina tion of genetic rela tionship 
245 0 |c Trương Thế Quang 
300 |a Tr.85-93 
650 |a Thủy hải sản; Cua xanh; Cây phát sinh loài; I6S-rRNA, 
856 |u http://lrc.tdmu.edu.vn/opac/search/detail.asp?aID=2&ID=36780 
980 |a Trung tâm Học liệu Trường Đại học Thủ Dầu Một